| 000 | 00353nam a2200133Ia 4500 | ||
|---|---|---|---|
| 008 | 220217s9999||||xx |||||||||||||| ||und|| | ||
| 020 | _a81-7319-659-1 | ||
| 082 | _a510 BAB | ||
| 100 | _aBabu, Chandra, A | ||
| 245 | 0 | _aNew engineering mathematics | |
| 260 |
_aNarosa publishing house _bNew Delhi _c2006 |
||
| 300 | _b195 | ||
| 650 | _aMATHEMATICS | ||
| 999 |
_c174528 _d174528 |
||